| 000 | 00395 a2200157 4500 | ||
|---|---|---|---|
| 999 |
_c29430 _d29430 |
||
| 003 | NUST | ||
| 005 | 20180118141413.0 | ||
| 008 | 180118b xxu||||| |||| 00| 0 eng d | ||
| 020 | _a8131800792 | ||
| 020 | _a9788131800799 | ||
| 082 | _a537.6 | ||
| 100 | 1 |
_aOhanian, Hans C _98810 |
|
| 245 | 1 | 0 |
_aClassical electrodynamics / _cHans C. Ohanian. |
| 260 |
_a[S.l.] : _bLaxmi Publications, _c2007 |
||
| 300 | _a620 p. | ||
| 700 |
_aOhanian, Hans C _98810 |
||
| 942 |
_aSNS _cBK _k537.6 OHA _2ddc |
||